000 00288nam a22001337a 4500
008 171101b xxu||||| |||| 00| 0 eng d
020 _a9780073376837
041 _aeng
080 _a338
100 _a53
101 _aMIS
245 _aINFORMATION SYSTEMS
_cBALTZAN,P
942 _2udc
_cBK
999 _c37012
_d37012